1900 1619 1917 1033 1716 1297 1909 1552 1708 1399 1547 1143 1510 1419 1723 1426 1952 1541 1477 1993 1538 1080 1177 1387 1450 1750 1157 1194 1772 1377 1363 1117 1849 1182 1233 1519 1464 1218 1232 1526 1391 1681 1170 1216 1489 1437 1396 1166 1213 1572 1523 1218 1691 1628 1041 1606 1430 1982 1161 1543 1791 1501 1534 1433 1015 1193 1095 1524 1848 1709 1306 1322 1601 1337 1502 1411 1859 1481 1580 1139 1920 1133 1745 1801 1810 1482 1824 1852 1108 1186 1068 1905 1510 1320 1300 1685 1793 1234 1475 BCNSPRNW ULIB Ver.6.0+V

เปลี่ยนเป็นภาษาไทย

Change to English
 แสดงรายละเอียดบรรณานุกรม
  กลับหน้าหลัก

Brief Record : Get Marc (ISO 2709) : E-mail record : QR code < ปิดหน้าต่าง
LEADER : 00000nam 2200000uu 4500
001    13399113112
003     ULIB
008    110927s2551||||th 000 0 tha d
020    9789746905565
090    PL4189^bร286ร 2551
245 00 ราชาศัพท์ :^bความหมาย ที่มา การใช้ที่ถูกต้อง และพระราชพิธีอันสำคัญต่างๆ ฉบับสมบูรณ์ /^cประเทือง โพธิ์ชะออน, รวบรวมและเรียบเรียง
250    พิมพ์ครั้งที่ 1
260    กรุงเทพฯ :^bดอกหญ้า 2000,^c2551
300    319 หน้า ;^c19 ซม
650  7 ภาษาไทย^xราชาศัพท์
700 0  ประเทือง โพธิ์ชะออน
945    ^p145^l0^i024850
945    ^p145^l0^i024851
995    ทศพร
999 ^a ทศพร
รายการนี้ยังไม่มีแท็ก
คุณยังไม่ได้ล็อกอิน คุณสามารถมีกิจกรรมร่วมกับเว็บไซต์ได้ แต่ต้องล็อกอินก่อน ::
  ล็อกอิน

รายการสื่อสารสนเทศ

ลำดับที่ ประเภท เลขเรียก/บาร์โค้ด สถานที่ สถานะ
- ไม่พบข้อมูล -

BibComment


ยังไม่เคยถูกคอมเมนท์

คอมเมนท์ทรัพยากรรายการนี้
  คอมเมนท์: ราชาศัพท์ ความหม..


 Copyright 2026. Bcnsprnw @Library